| 000 | 00408nab a2200145Ia 4500 | ||
|---|---|---|---|
| 003 | ES-SlBCS | ||
| 005 | 20210601124057.0 | ||
| 008 | 140529s1983 xxu||||| |||| 00| 0 eng d | ||
| 041 | _aeng | ||
| 100 | 1 |
_aAlthann, Robert _9134706 |
|
| 245 | 0 | 0 |
_aPsalm 58,10 in the Light of Ebla _c Robert Althann |
| 630 | 0 | 4 |
_aSalmo 58 _9134856 |
| 773 | 0 |
_tBiblica _gvol. 64, nº. 1, 1983, págs. 123-125 _wRev78 |
|
| 942 | _cAR | ||
| 999 |
_c508884 _d508884 |
||